| 000 | 00666nam0a22002411 4500 | ||
|---|---|---|---|
| 001 | RU\INFOCOMM_322\NLR\5000112139 | ||
| 005 | 20250613104303.0 | ||
| 035 | _a(NLR Aleph) 009491007 | ||
| 090 |
_a8648703 _c8648703 |
||
| 100 | _a20121215d1923 |||y0rusy50 ca | ||
| 101 | 0 | _ager | |
| 102 | _aRU | ||
| 105 | _ay z ||||| | ||
| 200 | 1 |
_aPolitisches ABC _fVon P. Kunte |
|
| 210 |
_aPokrowsk _cGebietsabt. für Volksbildung _d1923 |
||
| 215 |
_a92 с. _d23 см |
||
| 686 |
_aКПСС(Парт.стр-во) _2rubbk |
||
| 700 | 1 |
_aKunte _bP. _gPaul |
|
| 801 | 1 |
_aRU _bInfocomm _c20121215 |
|
| 801 | 0 |
_aRU _bINFOCOMM _gPSBO |
|
| 852 |
_aNLR _j26.21.4/96 |
||
| 942 | _cBOOK | ||
| 980 | _aNB | ||